00518 2200205 4500001002100000005001500021035002000036007000300056008004100059082000800100084001400108100002300122245005500145250001000200260004100210300002000251650001100271856001400282990001600296INLIS00000000000177220240318020945 a0010-0221000348ta240318 0 ind  a810 a810 MAM r0 aM.Amir Mallarangan1 aRuntuhnya Sebuah Keangkuhan /cM. Amir Mallarangan acet.1 aMakassar :bWilda setia karya,c2005 a92 hlm ;c21 cm 4asastra aKelas 810 a00000002426